<?xml version="1.0" encoding="UTF-8"?>
<record
    xmlns:xsi="http://www.w3.org/2001/XMLSchema-instance"
    xsi:schemaLocation="http://www.loc.gov/MARC21/slim http://www.loc.gov/standards/marcxml/schema/MARC21slim.xsd"
    xmlns="http://www.loc.gov/MARC21/slim">

  <leader>05539nam a2200397 a 4500</leader>
  <controlfield tag="003">CHAP</controlfield>
  <controlfield tag="005">20250521134943.0</controlfield>
  <controlfield tag="007">ta</controlfield>
  <controlfield tag="008">231009s2021    mx ado|fsm||| 001 0 spa d</controlfield>
  <datafield tag="040" ind1=" " ind2=" ">
    <subfield code="e">rda</subfield>
  </datafield>
  <datafield tag="041" ind1=" " ind2=" ">
    <subfield code="a">spa</subfield>
    <subfield code="b">eng</subfield>
  </datafield>
  <datafield tag="100" ind1="1" ind2=" ">
    <subfield code="9">188095</subfield>
    <subfield code="a">Luna Carme&#xF1;o, Yaretzi</subfield>
  </datafield>
  <datafield tag="240" ind1="1" ind2="0">
    <subfield code="a">Beta-Glucan concetration in oat flours (Avena Sativa L.) and its rheological characteristics.</subfield>
    <subfield code="l">Espa&#xF1;ol</subfield>
  </datafield>
  <datafield tag="245" ind1="1" ind2="0">
    <subfield code="a">Concentraci&#xF3;n de Beta-Glucanos y sus caracter&#xED;sticas reologicas en harina de avena (Avena Sativa L.) /</subfield>
    <subfield code="c">Yaretzi Luna Carme&#xF1;o</subfield>
  </datafield>
  <datafield tag="264" ind1=" " ind2=" ">
    <subfield code="a">Chapingo, M&#xE9;xico :</subfield>
    <subfield code="b">El autor,</subfield>
    <subfield code="c">2021</subfield>
  </datafield>
  <datafield tag="300" ind1=" " ind2=" ">
    <subfield code="a">1 recurso en l&#xED;nea (xii, 52 p&#xE1;ginas) :</subfield>
    <subfield code="b">ilustraciones, tablas, gr&#xE1;ficas, fotos</subfield>
  </datafield>
  <datafield tag="336" ind1=" " ind2=" ">
    <subfield code="2">rdacontent</subfield>
    <subfield code="a">texto</subfield>
    <subfield code="b">txt</subfield>
  </datafield>
  <datafield tag="337" ind1=" " ind2=" ">
    <subfield code="2">rdamedia</subfield>
    <subfield code="a">computadora</subfield>
    <subfield code="b">c</subfield>
  </datafield>
  <datafield tag="338" ind1=" " ind2=" ">
    <subfield code="2">rdacarrier</subfield>
    <subfield code="a">recurso en l&#xED;nea</subfield>
    <subfield code="b">cr</subfield>
  </datafield>
  <datafield tag="502" ind1=" " ind2=" ">
    <subfield code="a">Tesis</subfield>
    <subfield code="b">IA</subfield>
    <subfield code="c">Agroindustrias</subfield>
    <subfield code="d">2021</subfield>
    <subfield code="g">LIC</subfield>
  </datafield>
  <datafield tag="504" ind1=" " ind2=" ">
    <subfield code="a">Bibliograf&#xED;a: p&#xE1;ginas 43-47 </subfield>
  </datafield>
  <datafield tag="520" ind1="3" ind2=" ">
    <subfield code="a">Los beta-glucanos son polisac&#xE1;ridos que se encuentran en el endospermo del grano de avena. Estudios reol&#xF3;gicos han encontrado que existe una relaci&#xF3;n entre el contenido total de beta-glucanos, peso molecular y su estructura con su viscosidad en agua, dicha viscosidad se ha asociado con la reducci&#xF3;n de las concentraciones plasm&#xE1;ticas de colesterol y de glucosa en sangre, por lo que se le ha atribuido al grano de avena capacidad nutrac&#xE9;utica. La informaci&#xF3;n disponible en M&#xE9;xico referente a la concentraci&#xF3;n de beta-glucanos y su efecto en la reolog&#xED;a de soluciones de harinas de avena es limitada. Por lo tanto, el objetivo de la presente investigaci&#xF3;n fue cuantificar el contenido de betaglucanos y conocer el comportamiento de las variables reol&#xF3;gicas de las variedades de la colecci&#xF3;n nacional de avena del programa de mejoramiento del INIFAP. Se utilizaron 30 genotipos de avena. Se midi&#xF3; el porcentaje de beta glucanos y prote&#xED;na en harina. A su vez se obtuvieron curvas de flujo en muestras de avena (6% m/m) a 20&#xB0;C y una velocidad de deformaci&#xF3;n de 0.1 a 300s-1 durante 60 s. Se realiz&#xF3; un an&#xE1;lisis de varianza y la comparaci&#xF3;n de medias para mostrar las diferencias entre genotipos. Los genotipos Avemex, Tarahumara, Putnam y Turquesa presentaron los mayores porcentajes de betaglucanos de 2.8 a 3.0. Las soluciones de los genotipos de la colecci&#xF3;n nacional se clasificaron como pseudopl&#xE1;sticas dado que su viscosidad depende de la velocidad de cizalla. De tal manera que para una velocidad de deformaci&#xF3;n de 10 s-1, las variedades Karma, Babicora y Juchitepec presentaron los valores m&#xE1;s altos de viscosidad de 82.35 a 46.53 mPa&#xB7;s. Con base a la variaci&#xF3;n encontrada para contenido de beta-glucanos, viscosidad y prote&#xED;na fue posible identificar fuentes gen&#xE9;ticas que es posible utilizar como progenitores dentro del programa de mejoramiento para generar progenies que conjunten dichas caracter&#xED;sticas y generar variedades apropiadas para el consumo humano.</subfield>
  </datafield>
  <datafield tag="520" ind1="3" ind2=" ">
    <subfield code="a">Beta-glucans are polysaccharides found in the endosperm of the oat grain. Rheological studies have found that there is a relationship between the total content of beta-glucans, molecular weight and its structure with its viscosity in water, said viscosity has been associated with the reduction of plasma concentrations of cholesterol and blood glucose, therefore nutraceutical capacity has been attributed to the grain of oats. The information available in Mexico regarding the concentration of beta-glucans and their effect on the rheology of oatmeal solutions is limited. Therefore, the objective of the present investigation was to quantify the content of beta-glucans and to know their behavior of the rheological variables of the varieties of the national oat collection of the INIFAP improvement program. 30 oat genotypes were used. The percentage of beta-glucans and protein in flour was measured. In turn, flow curves were obtained in oat samples (6% m/m) at 20&#xB0;C and a deformation speed of 0.1 to 300 s-1 for 60 s. An analysis of variance and comparison of means were performed to show the differences between genotypes. The Avemex, Tarahumara, Putnam and Turquesa genotypes presented the highest beta-glucan percentages from 2.8 to 3.0. The solutions of the genotypes of the national collection were classified as pseudoplastic since their viscosity depends on the shear rate. In such a way that for a deformation speed of 10 s-1, the varieties Karma, Babicora and Juchitepec presented the highest values of viscosity from 82.35 to 46.53 mPa&#xB7;s. Based on the variation found for beta-glucan content, viscosity and protein, it was possible to identify genetic sources that can be used as progenitors within the breeding program to generate progeny that combine these characteristics and generate appropriate varieties for human consumption.</subfield>
  </datafield>
  <datafield tag="650" ind1="1" ind2="3">
    <subfield code="9">175041</subfield>
    <subfield code="a">Avena Sativa </subfield>
    <subfield code="2">atg</subfield>
  </datafield>
  <datafield tag="650" ind1="1" ind2="3">
    <subfield code="9">187614</subfield>
    <subfield code="a">Beta-glucanos</subfield>
    <subfield code="2">atg</subfield>
  </datafield>
  <datafield tag="650" ind1="1" ind2="3">
    <subfield code="9">156759</subfield>
    <subfield code="a">Harina de avena  </subfield>
    <subfield code="x">Propiedades fisicoqu&#xED;micas</subfield>
    <subfield code="2">atg</subfield>
  </datafield>
  <datafield tag="650" ind1="1" ind2="3">
    <subfield code="9">156759</subfield>
    <subfield code="a">Harina de avena  </subfield>
    <subfield code="x">Propiedades rheol&#xF3;gicas</subfield>
    <subfield code="2">atg</subfield>
  </datafield>
  <datafield tag="650" ind1="1" ind2="3">
    <subfield code="9">187615</subfield>
    <subfield code="a">Beta-glucans</subfield>
    <subfield code="2">atg</subfield>
  </datafield>
  <datafield tag="650" ind1="1" ind2="3">
    <subfield code="9">156760</subfield>
    <subfield code="a">Oat flour  </subfield>
    <subfield code="x">Physicochemical properties</subfield>
    <subfield code="2">atg</subfield>
  </datafield>
  <datafield tag="650" ind1="1" ind2="3">
    <subfield code="9">156760</subfield>
    <subfield code="a">Oat flour  </subfield>
    <subfield code="x">Rheological properties</subfield>
    <subfield code="2">atg</subfield>
  </datafield>
  <datafield tag="700" ind1="1" ind2=" ">
    <subfield code="a">Mart&#xED;nez Cruz, Eliel</subfield>
    <subfield code="e">director</subfield>
    <subfield code="9">71950</subfield>
  </datafield>
  <datafield tag="700" ind1="1" ind2=" ">
    <subfield code="9">149931</subfield>
    <subfield code="a">P&#xE9;rez L&#xF3;pez, Artemio</subfield>
    <subfield code="e">asesor</subfield>
  </datafield>
  <datafield tag="700" ind1="1" ind2=" ">
    <subfield code="9">65112</subfield>
    <subfield code="a">Laureano L&#xF3;pez, Bernab&#xE9;</subfield>
    <subfield code="e">asesor</subfield>
  </datafield>
  <datafield tag="856" ind1="4" ind2="0">
    <subfield code="y">DESCARGAR PDF</subfield>
    <subfield code="u">http://10.13.5.2/tesis/tl/1511437-6_Luna-Carmeno_Yaretzi.pdf</subfield>
  </datafield>
  <datafield tag="942" ind1=" " ind2=" ">
    <subfield code="2">Clasificaci&#xF3;n Universidad Aut&#xF3;noma Chapingo</subfield>
    <subfield code="c">TD</subfield>
  </datafield>
  <datafield tag="999" ind1=" " ind2=" ">
    <subfield code="c">219238</subfield>
    <subfield code="d">219238</subfield>
  </datafield>
  <datafield tag="952" ind1=" " ind2=" ">
    <subfield code="0">0</subfield>
    <subfield code="1">0</subfield>
    <subfield code="2">local</subfield>
    <subfield code="4">0</subfield>
    <subfield code="7">0</subfield>
    <subfield code="8">TesDigL</subfield>
    <subfield code="a">IA_</subfield>
    <subfield code="b">IA_</subfield>
    <subfield code="c">E_L</subfield>
    <subfield code="d">2023-10-09</subfield>
    <subfield code="e">El autor</subfield>
    <subfield code="l">0</subfield>
    <subfield code="p">1201013787</subfield>
    <subfield code="r">2023-10-09 00:00:00</subfield>
    <subfield code="w">2023-10-09</subfield>
    <subfield code="y">TD</subfield>
  </datafield>
  <datafield tag="952" ind1=" " ind2=" ">
    <subfield code="0">0</subfield>
    <subfield code="1">0</subfield>
    <subfield code="2">local</subfield>
    <subfield code="4">0</subfield>
    <subfield code="5">1</subfield>
    <subfield code="7">0</subfield>
    <subfield code="8">TesDigL</subfield>
    <subfield code="a">BD</subfield>
    <subfield code="b">BD</subfield>
    <subfield code="c">E_L</subfield>
    <subfield code="d">2024-02-02</subfield>
    <subfield code="e">El autor</subfield>
    <subfield code="l">0</subfield>
    <subfield code="o">Tesis digital</subfield>
    <subfield code="p">1301013787</subfield>
    <subfield code="r">2024-02-02 00:00:00</subfield>
    <subfield code="w">2024-02-02</subfield>
    <subfield code="y">TD</subfield>
  </datafield>
</record>
